Adaptive Lectures Using Feedback

V klasickej výučbe, prednášajúci často opakuje niektoré veci, ktoré sú už známe. Niekedy prednášajúci predpokladá, že študenti majú určité vedomosti, ktoré nemajú a výklad nie je potom postačujúci. Príspevok je zameraný na zvyšovanie kvality vyučovania prispôsobením jednotlivých prednášok danej skup...

Descrizione completa

Salvato in:
Dettagli Bibliografici
Autore principale: Kultan, Jaroslav, 1960-
Altri autori: Schmidt, Peter, 1968-, Gabbassova, Zhanna
Natura: Capitolo di libro
Lingua:inglese
Soggetti:
Tags: Aggiungi Tag
Nessun Tag, puoi essere il primo ad aggiungerne!!

MARC

LEADER 00000naa$a2200000$$$4500
001 0250330
005 20240502083714.8
041 0 |a eng 
044 |a AT 
245 1 0 |a Adaptive Lectures Using Feedback  |c Jaroslav Kultan, Peter Schmidt, Zhanna Gabbassova 
520 |a V klasickej výučbe, prednášajúci často opakuje niektoré veci, ktoré sú už známe. Niekedy prednášajúci predpokladá, že študenti majú určité vedomosti, ktoré nemajú a výklad nie je potom postačujúci. Príspevok je zameraný na zvyšovanie kvality vyučovania prispôsobením jednotlivých prednášok danej skupine s využitím veľmi rýchlej spätnej väzby. 
610 2 0 |a vzdelávanie 
610 2 0 |a prednášatelia 
610 2 0 |a prednášky 
610 2 0 |a študenti 
610 2 0 |a väzba spätná 
610 2 0 |a kvalita vzdelávania 
610 2 0 |a motivácia 
610 2 0 |a technológie informačné 
100 1 |a Kultan, Jaroslav, 1960- 
700 1 |a Schmidt, Peter, 1968- 
700 1 |a Gabbassova, Zhanna